000 00395nam a2200145Ia 4500
008 100122s9999 xx 000 0 und d
082 _b29062
_a823
100 _aपाटील देवदत्त
245 _aव्याध
260 _bदुर्गा बुक स्टॉल
_c1905
300 _a364
630 _aव्याध
730 _aव्याध
942 _cBOOK
999 _c414536
_d414533